• 首页
  • 本馆介绍
  • 公告通知
  • 最新文献
  • 馆藏检索
  • 电子资源
  • 读者导购
  • 参考咨询
  • 我的图书馆
  • 登录
  • 详细信息显示
  • 放入我的书架
  • 预约/预借图书
  • 作者相关作品
  • 分类相关作品
  • 丛书相关作品
  • 出版社相关作品

书目信息

  • 表格格式
  • 工作单格式
  • 卡片格式
题名:
超静定结构力学
    
 
作者: 王坚白 编
分册:  
出版信息: 北京   水利电力出版社  1979
页数: 478页
开本: 20cm
丛书名:
单 册:
中图分类: TU322.01
科图分类:
主题词: 超静定结构-结构力学 , 结构力学-超静定结构
电子资源:
ISBN:
000 00617nam0 2200229 45
001 0179006789
005 20060727144630.17
010    @dCNY1.85
091    @a15143.3514
100    @a19950810d1979 em y0chiy0121 ea
101 0  @achi
102    @aCN@b110000
105    @ay z 000yy
200 10 @a超静定结构力学@Achao jing dian jie gou li xue@f王坚白编
210    @a北京@c水利电力出版社@d1979
215    @a478页@d20cm
606    @a超静定结构-结构力学
606    @a结构力学-超静定结构
690    @aTU322.01@v3
701  0 @a王坚白@Awang jian bai@4编
801  0 @aCN@bTSSF@c20060727
905    @a10447@dTU322.01@e248
    
    超静定结构力学/王坚白编.-北京:水利电力出版社,1979
    478页;20cm
    
    
    ISBN :CNY1.85
    
●
相关链接 在E读中查询图书 在五车中查询图书 在当当中查询图书 在豆瓣中查询图书


正题名:超静定结构力学     索取号:TU322.01/248         预约/预借

序号 登录号 条形码 馆藏地/架位号 状态 备注
1 0438776   204387760   密集书库/ [索取号:TU322.01/248] 在馆    
唐山师范学院图书馆 欢迎您!
大连网信软件有限公司© 版权所有